[Event "Stay Safe Play From Home 277"]
[Site "Emanuel Lasker Arena"]
[Date "2020.07.05"]
[Round "5"]
[White "The Next Contender"]
[Black "Haris kollari 13"]
[Result "1-0"]
[WhiteElo "1992"]
[BlackElo "1803"]
[Annotator "NA"]
[PlyCount "83"]
[EventDate "2020.07.05"]
[EventType "swiss (blitz)"]

1. d4 {[%emt 0:00:03]} e6 {[%emt 0:00:00]} 2. c4 {[%emt 0:00:01]} d5 {[%emt 0:00:00]} 3. Nf3 {[%emt 0:00:01]} c6 {[%emt 0:00:00]} 4. g3 {[%emt 0:00:00]} f5 {[%emt 0:00:00]} 5. Bg2 {[%emt 0:00:00]} Nf6 {[%emt 0:00:00]} 6. O-O {[%emt 0:00:01]} Bd6 {[%emt 0:00:01]} 7. e3 {[%emt 0:00:00]} Qe7 {[%emt 0:00:02]} 8. c5 {[%emt 0:00:00]} Bc7 {[%emt 0:00:01]} 9. b4 {[%emt 0:00:00]} Nbd7 {[%emt 0:00:01]} 10. a4 {[%emt 0:00:00]} b6 {[%emt 0:00:01]} 11. Bb2 {[%emt 0:00:00]} a5 {[%emt 0:00:01]} 12. cxb6 {[%emt 0:00:02]} Nxb6 {[%emt 0:00:04]} 13. b5 {[%emt 0:00:01]} Nc4 {[%emt 0:00:01]} 14. Qc2 {[%emt 0:00:03]} cxb5 {[%emt 0:00:01]} 15. axb5 {[%emt 0:00:01]} O-O {[%emt 0:00:00]} 16. Nbd2 {[%emt 0:00:03]} Nxd2 {[%emt 0:00:02]} 17. Nxd2 {[%emt 0:00:01]} Rb8 {[%emt 0:00:03]} 18. Qd3 {[%emt 0:00:04]} Bb6 {[%emt 0:00:01]} 19. Rfc1 {[%emt 0:00:02]} Bd7 {[%emt 0:00:01]} 20. Ba3 {[%emt 0:00:01]} Qf7 {[%emt 0:00:03]} 21. Bxf8 {[%emt 0:00:01]} Qxf8 {[%emt 0:00:00]} 22. Nb3 {[%emt 0:00:02]} Qe8 {[%emt 0:00:02]} 23. Nxa5 {[%emt 0:00:01]} Bxb5 {[%emt 0:00:01]} 24. Qd2 {[%emt 0:00:00]} Bxa5 {[%emt 0:00:03]} 25. Rxa5 {[%emt 0:00:00]} Bc4 {[%emt 0:00:01]} 26. Rca1 {[%emt 0:00:02]} Qc6 {[%emt 0:00:03]} 27. Bf1 {[%emt 0:00:01]} Ne4 {[%emt 0:00:04]} 28. Qc2 {[%emt 0:00:02]} Qb6 {[%emt 0:00:03]} 29. Bxc4 {[%emt 0:00:02]} dxc4 {[%emt 0:00:01]} 30. Qxc4 {[%emt 0:00:01]} h6 {[%emt 0:00:01]} 31. Ra8 {[%emt 0:00:01]} Kh7 {[%emt 0:00:02]} 32. Rxb8 {[%emt 0:00:02]} Qxb8 {[%emt 0:00:01]} 33. Qxe6 {[%emt 0:00:01]} Qf8 {[%emt 0:00:02]} 34. Ra5 {[%emt 0:00:01]} g6 {[%emt 0:00:01]} 35. Ra7+ {[%emt 0:00:02]} Kh8 {[%emt 0:00:01]} 36. Qe5+ {[%emt 0:00:00]} Kg8 {[%emt 0:00:02]} 37. Qd5+ {[%emt 0:00:00]} Kh8 {[%emt 0:00:01]} 38. Qb7 {[%emt 0:00:01]} Qg8 {[%emt 0:00:02]} 39. Qe7 {[%emt 0:00:01]} f4 {[%emt 0:00:01]} 40. Qe5+ {[%emt 0:00:00]} Nf6 {[%emt 0:00:02]} 41. Qxf6+ {[%emt 0:00:01]} Qg7 {[%emt 0:00:00]} 42. Qxg7# {[%emt 0:00:00] (Lag: Av=0.48s, max=0.5s)} 1-0

[Event "Stay Safe Play From Home 277"]
[Site "Emanuel Lasker Arena"]
[Date "2020.07.05"]
[Round "5"]
[White "NeatFox"]
[Black "Bardellosport"]
[Result "1-0"]
[WhiteElo "1975"]
[BlackElo "1931"]
[PlyCount "107"]
[EventDate "2020.07.05"]
[EventType "swiss (blitz)"]

1. g4 {[%emt 0:00:02]} d6 {[%emt 0:00:00]} 2. Bg2 {[%emt 0:00:01]} Nd7 {[%emt 0:00:00]} 3. c4 {[%emt 0:00:01]} e5 {[%emt 0:00:00]} 4. Qb3 {[%emt 0:00:00]} h6 {[%emt 0:00:02]} 5. d3 {[%emt 0:00:01]} Ngf6 {[%emt 0:00:01]} 6. Nc3 {[%emt 0:00:01]} Nxg4 {[%emt 0:00:02]} 7. Nf3 {[%emt 0:00:01]} Ngf6 {[%emt 0:00:01]} 8. Nd5 {[%emt 0:00:01]} Nxd5 {[%emt 0:00:01]} 9. cxd5 {[%emt 0:00:00]} Nc5 {[%emt 0:00:01]} 10. Qc2 {[%emt 0:00:02]} Be7 {[%emt 0:00:01]} 11. e4 {[%emt 0:00:01]} O-O {[%emt 0:00:01]} 12. b4 {[%emt 0:00:00]} Na6 {[%emt 0:00:01]} 13. a3 {[%emt 0:00:00]} f5 {[%emt 0:00:01]} 14. Bb2 {[%emt 0:00:01]} fxe4 {[%emt 0:00:01]} 15. dxe4 {[%emt 0:00:00]} Bd7 {[%emt 0:00:01]} 16. Nd2 {[%emt 0:00:01]} Rc8 {[%emt 0:00:01]} 17. O-O {[%emt 0:00:01]} c6 {[%emt 0:00:01]} 18. dxc6 {[%emt 0:00:01]} Bxc6 {[%emt 0:00:00]} 19. Qd3 {[%emt 0:00:01]} d5 {[%emt 0:00:01]} 20. exd5 {[%emt 0:00:01]} Bd7 {[%emt 0:00:01]} 21. Ne4 {[%emt 0:00:01]} Bf5 {[%emt 0:00:02]} 22. Qe3 {[%emt 0:00:02]} Qxd5 {[%emt 0:00:02]} 23. Ng3 {[%emt 0:00:03]} Qf7 {[%emt 0:00:01]} 24. Nxf5 {[%emt 0:00:01]} Qxf5 {[%emt 0:00:01]} 25. Qxe5 {[%emt 0:00:01]} Qxe5 {[%emt 0:00:01]} 26. Bxe5 {[%emt 0:00:01]} Rce8 {[%emt 0:00:02]} 27. Bb2 {[%emt 0:00:01]} Bg5 {[%emt 0:00:01]} 28. Rae1 {[%emt 0:00:01]} Rc8 {[%emt 0:00:01]} 29. Rb1 {[%emt 0:00:01]} Nc7 {[%emt 0:00:01]} 30. Rfe1 {[%emt 0:00:01]} Nd5 {[%emt 0:00:01]} 31. Bxd5+ {[%emt 0:00:01]} Kh7 {[%emt 0:00:01]} 32. Bxb7 {[%emt 0:00:01]} Rc2 {[%emt 0:00:02]} 33. Be4+ {[%emt 0:00:01]} g6 {[%emt 0:00:02]} 34. Bxc2 {[%emt 0:00:00]} Rc8 {[%emt 0:00:01]} 35. Bd3 {[%emt 0:00:01]} h5 {[%emt 0:00:01]} 36. Be5 {[%emt 0:00:04]} Rd8 {[%emt 0:00:01]} 37. Bb5 {[%emt 0:00:02]} Rd2 {[%emt 0:00:01]} 38. f4 {[%emt 0:00:00]} Kh6 {[%emt 0:00:00]} 39. fxg5+ {[%emt 0:00:01]} Kxg5 {[%emt 0:00:00]} 40. Re2 {[%emt 0:00:02]} Rd5 {[%emt 0:00:01]} 41. Bc4 {[%emt 0:00:02]} Rd7 {[%emt 0:00:02]} 42. Bb5 {[%emt 0:00:01]} Rf7 {[%emt 0:00:01]} 43. Rf2 {[%emt 0:00:01]} Rb7 {[%emt 0:00:01]} 44. Bf4+ {[%emt 0:00:00]} Kg4 {[%emt 0:00:01]} 45. Bc6 {[%emt 0:00:00]} Rb6 {[%emt 0:00:01]} 46. b5 {[%emt 0:00:01]} g5 {[%emt 0:00:01]} 47. Be3 {[%emt 0:00:02]} h4 {[%emt 0:00:01]} 48. h3+ {[%emt 0:00:01]} Kh5 {[%emt 0:00:00]} 49. Rg2 {[%emt 0:00:01]} a6 {[%emt 0:00:01]} 50. Rxg5+ {[%emt 0:00:01]} Kh6 {[%emt 0:00:01]} 51. Be4 {[%emt 0:00:00]} Re6 {[%emt 0:00:03]} 52. Rg6+ {[%emt 0:00:00]} Kh5 {[%emt 0:00:02]} 53. Rxe6 {[%emt 0:00:01]} axb5 {[%emt 0:00:02]} 54. Rh6# {[%emt 0:00:01] (Lag: Av=0.30s, max=0.8s)} 1-0

[Event "Stay Safe Play From Home 277"]
[Site "Emanuel Lasker Arena"]
[Date "2020.07.05"]
[Round "6"]
[White "Broken sword"]
[Black "Lazieri3"]
[Result "1-0"]
[WhiteElo "2480"]
[BlackElo "2083"]
[PlyCount "101"]
[EventDate "2020.07.05"]
[EventType "swiss (blitz)"]

1. d4 {[%emt 0:00:00]} c6 {[%emt 0:00:00]} 2. Nf3 {[%emt 0:00:00]} d5 {[%emt 0:00:00]} 3. c4 {[%emt 0:00:00]} Nf6 {[%emt 0:00:01]} 4. cxd5 {[%emt 0:00:00]} cxd5 {[%emt 0:00:01]} 5. Nc3 {[%emt 0:00:00]} Nc6 {[%emt 0:00:00]} 6. Bf4 {[%emt 0:00:00]} Bf5 {[%emt 0:00:00]} 7. e3 {[%emt 0:00:00]} e6 {[%emt 0:00:01]} 8. Bd3 {[%emt 0:00:00]} Bxd3 {[%emt 0:00:01]} 9. Qxd3 {[%emt 0:00:00]} Bd6 {[%emt 0:00:00]} 10. Bg5 {[%emt 0:00:00]} h6 {[%emt 0:00:02]} 11. Bh4 {[%emt 0:00:01]} O-O {[%emt 0:00:01]} 12. O-O {[%emt 0:00:01]} Be7 {[%emt 0:00:00]} 13. Bxf6 {[%emt 0:00:00]} Bxf6 {[%emt 0:00:01]} 14. Rfc1 {[%emt 0:00:00]} a6 {[%emt 0:00:01]} 15. Na4 {[%emt 0:00:01]} Rc8 {[%emt 0:00:01]} 16. Nc5 {[%emt 0:00:00]} Rc7 {[%emt 0:00:02]} 17. a3 {[%emt 0:00:01]} Re8 {[%emt 0:00:02]} 18. b4 {[%emt 0:00:01]} Be7 {[%emt 0:00:03]} 19. Rab1 {[%emt 0:00:01]} Bd6 {[%emt 0:00:01]} 20. g3 {[%emt 0:00:01]} Bxc5 {[%emt 0:00:01]} 21. Rxc5 {[%emt 0:00:01]} e5 {[%emt 0:00:06]} 22. dxe5 {[%emt 0:00:01]} Nxe5 {[%emt 0:00:00]} 23. Nxe5 {[%emt 0:00:01]} Rxe5 {[%emt 0:00:02]} 24. Rbc1 {[%emt 0:00:02]} Rxc5 {[%emt 0:00:01]} 25. Rxc5 {[%emt 0:00:00]} Qd7 {[%emt 0:00:04]} 26. Qc3 {[%emt 0:00:01]} d4 {[%emt 0:00:06]} 27. Qxd4 {[%emt 0:00:03]} Qxd4 {[%emt 0:00:02]} 28. exd4 {[%emt 0:00:00]} Re1+ {[%emt 0:00:02]} 29. Kg2 {[%emt 0:00:00]} Ra1 {[%emt 0:00:01]} 30. Rc7 {[%emt 0:00:01]} Rxa3 {[%emt 0:00:02]} 31. Rxb7 {[%emt 0:00:00]} a5 {[%emt 0:00:01]} 32. bxa5 {[%emt 0:00:01]} Rxa5 {[%emt 0:00:00]} 33. Rb8+ {[%emt 0:00:00]} Kh7 {[%emt 0:00:01]} 34. Rd8 {[%emt 0:00:00]} Ra2 {[%emt 0:00:01]} 35. h4 {[%emt 0:00:01]} Ra3 {[%emt 0:00:02]} 36. h5 {[%emt 0:00:01]} f6 {[%emt 0:00:02]} 37. g4 {[%emt 0:00:01]} Ra2 {[%emt 0:00:02]} 38. Kg3 {[%emt 0:00:00]} Ra3+ {[%emt 0:00:01]} 39. f3 {[%emt 0:00:00]} Rd3 {[%emt 0:00:00]} 40. d5 {[%emt 0:00:01]} Rd1 {[%emt 0:00:01]} 41. d6 {[%emt 0:00:00]} Rd4 {[%emt 0:00:02]} 42. Kf2 {[%emt 0:00:01]} g6 {[%emt 0:00:00]} 43. Rd7+ {[%emt 0:00:02]} Kg8 {[%emt 0:00:01]} 44. hxg6 {[%emt 0:00:00]} Rd5 {[%emt 0:00:01]} 45. Ke3 {[%emt 0:00:01]} Kf8 {[%emt 0:00:01]} 46. Rf7+ {[%emt 0:00:02]} Kg8 {[%emt 0:00:00]} 47. Rxf6 {[%emt 0:00:00]} h5 {[%emt 0:00:00]} 48. gxh5 {[%emt 0:00:01]} Rxh5 {[%emt 0:00:00]} 49. f4 {[%emt 0:00:01]} Kg7 {[%emt 0:00:01]} 50. Re6 {[%emt 0:00:00]} Rd5 {[%emt 0:00:01]} 51. Ke4 {[%emt 0:00:01] Time (Lag: Av=0.62s, max=1.1s)} 1-0

[Event "Stay Safe Play From Home 277"]
[Site "Emanuel Lasker Arena"]
[Date "2020.07.05"]
[Round "6"]
[White "Lnram"]
[Black "Mepe_Nika"]
[Result "1-0"]
[WhiteElo "2464"]
[BlackElo "2334"]
[PlyCount "113"]
[EventDate "2020.07.05"]
[EventType "swiss (blitz)"]

1. e4 {[%emt 0:00:01]} e5 {[%emt 0:00:01]} 2. Nf3 {[%emt 0:00:01]} Nc6 {[%emt 0:00:00]} 3. Bb5 {[%emt 0:00:01]} a6 {[%emt 0:00:00]} 4. Ba4 {[%emt 0:00:01]} Nf6 {[%emt 0:00:00]} 5. d3 {[%emt 0:00:01]} b5 {[%emt 0:00:01]} 6. Bb3 {[%emt 0:00:01]} Bc5 {[%emt 0:00:00]} 7. O-O {[%emt 0:00:01]} d6 {[%emt 0:00:00]} 8. c3 {[%emt 0:00:00]} Bb6 {[%emt 0:00:01]} 9. Bc2 {[%emt 0:00:01]} O-O {[%emt 0:00:01]} 10. h3 {[%emt 0:00:01]} h6 {[%emt 0:00:01]} 11. Re1 {[%emt 0:00:01]} Re8 {[%emt 0:00:01]} 12. d4 {[%emt 0:00:01]} Bb7 {[%emt 0:00:02]} 13. Be3 {[%emt 0:00:02]} a5 {[%emt 0:00:03]} 14. Nbd2 {[%emt 0:00:01]} a4 {[%emt 0:00:02]} 15. d5 {[%emt 0:00:01]} Na5 {[%emt 0:00:01]} 16. Nf1 {[%emt 0:00:01]} Nd7 {[%emt 0:00:01]} 17. Bxb6 {[%emt 0:00:02]} Nxb6 {[%emt 0:00:01]} 18. Ng3 {[%emt 0:00:01]} Bc8 {[%emt 0:00:02]} 19. Qe2 {[%emt 0:00:04]} Nac4 {[%emt 0:00:01]} 20. b3 {[%emt 0:00:01]} Na5 {[%emt 0:00:02]} 21. Qe3 {[%emt 0:00:07]} Bd7 {[%emt 0:00:01]} 22. Nf5 {[%emt 0:00:01]} Bxf5 {[%emt 0:00:01]} 23. exf5 {[%emt 0:00:00]} f6 {[%emt 0:00:00]} 24. Nh4 {[%emt 0:00:02]} Nxd5 {[%emt 0:00:02]} 25. Qg3 {[%emt 0:00:01]} Nf4 {[%emt 0:00:01]} 26. Ng6 {[%emt 0:00:02]} Nxg6 {[%emt 0:00:01]} 27. Qxg6 {[%emt 0:00:01]} axb3 {[%emt 0:00:01]} 28. axb3 {[%emt 0:00:01]} Qe7 {[%emt 0:00:00]} 29. Re4 {[%emt 0:00:01]} Nc6 {[%emt 0:00:01]} 30. Rxa8 {[%emt 0:00:03]} Rxa8 {[%emt 0:00:00]} 31. Rh4 {[%emt 0:00:01]} Qf7 {[%emt 0:00:02]} 32. Qg4 {[%emt 0:00:01]} Kf8 {[%emt 0:00:03]} 33. Be4 {[%emt 0:00:01]} d5 {[%emt 0:00:02]} 34. Bd3 {[%emt 0:00:00]} b4 {[%emt 0:00:02]} 35. c4 {[%emt 0:00:01]} Nd4 {[%emt 0:00:02]} 36. cxd5 {[%emt 0:00:01]} Qxd5 {[%emt 0:00:03]} 37. Bc4 {[%emt 0:00:01]} Ra1+ {[%emt 0:00:05]} 38. Kh2 {[%emt 0:00:01]} Qd7 {[%emt 0:00:02]} 39. Qg6 {[%emt 0:00:02]} Nxf5 {[%emt 0:00:01]} 40. Rg4 {[%emt 0:00:01]} Nd6 {[%emt 0:00:01]} 41. Qh7 {[%emt 0:00:01]} Nf7 {[%emt 0:00:04]} 42. Bxf7 {[%emt 0:00:01]} Qxf7 {[%emt 0:00:01]} 43. Rc4 {[%emt 0:00:01]} Ke7 {[%emt 0:00:00]} 44. Rxc7+ {[%emt 0:00:01]} Ke6 {[%emt 0:00:00]} 45. Rxf7 {[%emt 0:00:00]} Kxf7 {[%emt 0:00:00]} 46. Qe4 {[%emt 0:00:01]} Ra3 {[%emt 0:00:00]} 47. Qc4+ {[%emt 0:00:00]} Kg6 {[%emt 0:00:01]} 48. Qxb4 {[%emt 0:00:00]} Kh7 {[%emt 0:00:00]} 49. Qxa3 {[%emt 0:00:01]} f5 {[%emt 0:00:00]} 50. b4 {[%emt 0:00:00]} Kg6 {[%emt 0:00:00]} 51. Qb3 {[%emt 0:00:00]} Kg5 {[%emt 0:00:00]} 52. b5 {[%emt 0:00:00]} g6 {[%emt 0:00:00]} 53. b6 {[%emt 0:00:00]} h5 {[%emt 0:00:00]} 54. b7 {[%emt 0:00:00]} h4 {[%emt 0:00:00]} 55. b8=Q {[%emt 0:00:00]} Kf4 {[%emt 0:00:00]} 56. Qd8 {[%emt 0:00:01]} e4 {[%emt 0:00:01]} 57. Qe3+ {[%emt 0:00:00] Time (Lag: Av=0.99s, max=1.7s)} 1-0

[Event "Stay Safe Play From Home 277"]
[Site "Emanuel Lasker Arena"]
[Date "2020.07.05"]
[Round "6"]
[White "Indianquant"]
[Black "NeatFox"]
[Result "1-0"]
[WhiteElo "2270"]
[BlackElo "1990"]
[PlyCount "105"]
[EventDate "2020.07.05"]
[EventType "swiss (blitz)"]

1. Nf3 {[%emt 0:00:01]} c6 {[%emt 0:00:06]} 2. c4 {[%emt 0:00:01]} d5 {[%emt 0:00:00]} 3. d4 {[%emt 0:00:00]} dxc4 {[%emt 0:00:00]} 4. e3 {[%emt 0:00:01]} Nf6 {[%emt 0:00:00]} 5. Bxc4 {[%emt 0:00:01]} g6 {[%emt 0:00:00]} 6. Qb3 {[%emt 0:00:02]} Bg7 {[%emt 0:00:00]} 7. Bxf7+ {[%emt 0:00:01]} Kf8 {[%emt 0:00:00]} 8. Ng5 {[%emt 0:00:01]} h6 {[%emt 0:00:03]} 9. Bxg6 {[%emt 0:00:03]} Nd5 {[%emt 0:00:04]} 10. Nf3 {[%emt 0:00:02]} e6 {[%emt 0:00:03]} 11. O-O {[%emt 0:00:01]} Qf6 {[%emt 0:00:01]} 12. Bd3 {[%emt 0:00:02]} Nd7 {[%emt 0:00:02]} 13. Nc3 {[%emt 0:00:01]} N7b6 {[%emt 0:00:01]} 14. e4 {[%emt 0:00:01]} Nxc3 {[%emt 0:00:01]} 15. bxc3 {[%emt 0:00:00]} Bd7 {[%emt 0:00:01]} 16. e5 {[%emt 0:00:00]} Qe7 {[%emt 0:00:01]} 17. Re1 {[%emt 0:00:01]} Kg8 {[%emt 0:00:02]} 18. Ba3 {[%emt 0:00:00]} Qf7 {[%emt 0:00:02]} 19. Qc2 {[%emt 0:00:00]} Bf8 {[%emt 0:00:03]} 20. Bd6 {[%emt 0:00:01]} Bxd6 {[%emt 0:00:01]} 21. exd6 {[%emt 0:00:00]} Rf8 {[%emt 0:00:01]} 22. Ne5 {[%emt 0:00:00]} Qf4 {[%emt 0:00:02]} 23. Re3 {[%emt 0:00:01]} Qg5 {[%emt 0:00:02]} 24. Rg3 {[%emt 0:00:01]} Nd5 {[%emt 0:00:01]} 25. Re1 {[%emt 0:00:04]} Be8 {[%emt 0:00:01]} 26. c4 {[%emt 0:00:04]} Nf4 {[%emt 0:00:01]} 27. Qd2 {[%emt 0:00:02]} Nxd3 {[%emt 0:00:01]} 28. Rxg5+ {[%emt 0:00:02]} hxg5 {[%emt 0:00:01]} 29. Qxg5+ {[%emt 0:00:00]} Kh7 {[%emt 0:00:01]} 30. Nxd3 {[%emt 0:00:03]} Rhg8 {[%emt 0:00:01]} 31. Qh4+ {[%emt 0:00:01]} Kg7 {[%emt 0:00:01]} 32. Re3 {[%emt 0:00:00]} Rf6 {[%emt 0:00:02]} 33. Ne5 {[%emt 0:00:01]} Bg6 {[%emt 0:00:04]} 34. Rg3 {[%emt 0:00:00]} Rh8 {[%emt 0:00:02]} 35. Rxg6+ {[%emt 0:00:03]} Rxg6 {[%emt 0:00:00]} 36. Qe7+ {[%emt 0:00:00]} Kh6 {[%emt 0:00:01]} 37. Nxg6 {[%emt 0:00:00]} Kxg6 {[%emt 0:00:00]} 38. Qxe6+ {[%emt 0:00:00]} Kg7 {[%emt 0:00:01]} 39. Qe5+ {[%emt 0:00:00]} Kg8 {[%emt 0:00:01]} 40. Qxh8+ {[%emt 0:00:00]} Kxh8 {[%emt 0:00:00]} 41. d7 {[%emt 0:00:00]} Kg7 {[%emt 0:00:00]} 42. d8=Q {[%emt 0:00:00]} Kg6 {[%emt 0:00:00]} 43. Qc7 {[%emt 0:00:00]} Kf5 {[%emt 0:00:00]} 44. Qxb7 {[%emt 0:00:00]} Ke4 {[%emt 0:00:00]} 45. Qxc6+ {[%emt 0:00:00]} Kxd4 {[%emt 0:00:00]} 46. c5 {[%emt 0:00:00]} Kc3 {[%emt 0:00:00]} 47. Qd6 {[%emt 0:00:00]} Kb4 {[%emt 0:00:00]} 48. c6+ {[%emt 0:00:00]} Kb5 {[%emt 0:00:00]} 49. c7 {[%emt 0:00:00]} a6 {[%emt 0:00:00]} 50. c8=Q {[%emt 0:00:00]} a5 {[%emt 0:00:00]} 51. Qda6+ {[%emt 0:00:01]} Ka4 {[%emt 0:00:00]} 52. Qcc4+ {[%emt 0:00:00]} Ka3 {[%emt 0:00:00]} 53. Qb3# {[%emt 0:00:00] (Lag: Av=0.75s, max=1.0s)} 1-0

[Event "Stay Safe Play From Home 277"]
[Site "Emanuel Lasker Arena"]
[Date "2020.07.05"]
[Round "6"]
[White "Little champs"]
[Black "Haris kollari 13"]
[Result "1-0"]
[WhiteElo "2235"]
[BlackElo "1794"]
[Annotator "NA"]
[PlyCount "83"]
[EventDate "2020.07.05"]
[EventType "swiss (blitz)"]

1. e4 {[%emt 0:00:00]} e6 {[%emt 0:00:01]} 2. d4 {[%emt 0:00:01]} c5 {[%emt 0:00:01]} 3. Nc3 {[%emt 0:00:00]} cxd4 {[%emt 0:00:04]} 4. Qxd4 {[%emt 0:00:01]} Nc6 {[%emt 0:00:01]} 5. Qe3 {[%emt 0:00:00]} e5 {[%emt 0:00:02]} 6. Nf3 {[%emt 0:00:01]} f6 {[%emt 0:00:01]} 7. Bb5 {[%emt 0:00:01]} Bb4 {[%emt 0:00:02]} 8. Bxc6 {[%emt 0:00:01]} bxc6 {[%emt 0:00:01]} 9. O-O {[%emt 0:00:00]} Ba6 {[%emt 0:00:01]} 10. Rd1 {[%emt 0:00:04]} Ne7 {[%emt 0:00:01]} 11. a3 {[%emt 0:00:01]} Ba5 {[%emt 0:00:01]} 12. b4 {[%emt 0:00:02]} Bb6 {[%emt 0:00:01]} 13. Qe1 {[%emt 0:00:00]} O-O {[%emt 0:00:01]} 14. Be3 {[%emt 0:00:04]} d5 {[%emt 0:00:02]} 15. exd5 {[%emt 0:00:02]} cxd5 {[%emt 0:00:01]} 16. Bxb6 {[%emt 0:00:01]} axb6 {[%emt 0:00:01]} 17. Rd2 {[%emt 0:00:03]} d4 {[%emt 0:00:01]} 18. Ne4 {[%emt 0:00:04]} Bb7 {[%emt 0:00:01]} 19. Ng3 {[%emt 0:00:02]} Qc7 {[%emt 0:00:01]} 20. h4 {[%emt 0:00:06]} Rfc8 {[%emt 0:00:01]} 21. h5 {[%emt 0:00:01]} Qc6 {[%emt 0:00:01]} 22. h6 {[%emt 0:00:01]} g6 {[%emt 0:00:01]} 23. a4 {[%emt 0:00:02]} Qd5 {[%emt 0:00:05]} 24. a5 {[%emt 0:00:01]} bxa5 {[%emt 0:00:02]} 25. bxa5 {[%emt 0:00:00]} Rxa5 {[%emt 0:00:01]} 26. Rb1 {[%emt 0:00:00]} Ba8 {[%emt 0:00:02]} 27. Rdd1 {[%emt 0:00:00]} Rac5 {[%emt 0:00:01]} 28. Qe2 {[%emt 0:00:03]} Rxc2 {[%emt 0:00:01]} 29. Qa6 {[%emt 0:00:01]} R2c6 {[%emt 0:00:03]} 30. Qa7 {[%emt 0:00:03]} R6c7 {[%emt 0:00:03]} 31. Qa3 {[%emt 0:00:03]} Nf5 {[%emt 0:00:03]} 32. Nxf5 {[%emt 0:00:01]} gxf5 {[%emt 0:00:01]} 33. Rbc1 {[%emt 0:00:01]} d3 {[%emt 0:00:03]} 34. Rxc7 {[%emt 0:00:01]} Rxc7 {[%emt 0:00:01]} 35. Ne1 {[%emt 0:00:01]} e4 {[%emt 0:00:01]} 36. Qxa8+ {[%emt 0:00:01]} Qxa8 {[%emt 0:00:02]} 37. f3 {[%emt 0:00:00]} Rc3 {[%emt 0:00:02]} 38. fxe4 {[%emt 0:00:00]} fxe4 {[%emt 0:00:00]} 39. Rd2 {[%emt 0:00:00]} Qa1 {[%emt 0:00:01]} 40. Kf2 {[%emt 0:00:01]} Rc1 {[%emt 0:00:00]} 41. Ke3 {[%emt 0:00:01]} Rxe1+ {[%emt 0:00:02]} 42. Kf4 {[%emt 0:00:00] Time (Lag: Av=0.64s, max=0.8s)} 1-0

[Event "Stay Safe Play From Home 277"]
[Site "Emanuel Lasker Arena"]
[Date "2020.07.05"]
[Round "6"]
[White "Rogan"]
[Black "BrainThinker22"]
[Result "0-1"]
[WhiteElo "2231"]
[BlackElo "2387"]
[Annotator "NA"]
[PlyCount "84"]
[EventDate "2020.07.05"]
[EventType "swiss (blitz)"]

1. c3 {[%emt 0:00:01]} e5 {[%emt 0:00:01]} 2. d4 {[%emt 0:00:00]} exd4 {[%emt 0:00:01]} 3. cxd4 {[%emt 0:00:00]} d5 {[%emt 0:00:00]} 4. Nf3 {[%emt 0:00:00]} Nf6 {[%emt 0:00:00]} 5. Nc3 {[%emt 0:00:00]} Be7 {[%emt 0:00:00]} 6. Bg5 {[%emt 0:00:01]} O-O {[%emt 0:00:00]} 7. Bxf6 {[%emt 0:00:00]} Bxf6 {[%emt 0:00:00]} 8. e3 {[%emt 0:00:00]} c6 {[%emt 0:00:00]} 9. Bd3 {[%emt 0:00:00]} Re8 {[%emt 0:00:01]} 10. Qc2 {[%emt 0:00:00]} h6 {[%emt 0:00:01]} 11. O-O {[%emt 0:00:00]} Nd7 {[%emt 0:00:00]} 12. Rfe1 {[%emt 0:00:00]} Nf8 {[%emt 0:00:01]} 13. b4 {[%emt 0:00:01]} Bg4 {[%emt 0:00:01]} 14. b5 {[%emt 0:00:01]} Bxf3 {[%emt 0:00:01]} 15. gxf3 {[%emt 0:00:00]} Qd6 {[%emt 0:00:00]} 16. bxc6 {[%emt 0:00:01]} bxc6 {[%emt 0:00:00]} 17. f4 {[%emt 0:00:00]} Ne6 {[%emt 0:00:01]} 18. Na4 {[%emt 0:00:01]} Rac8 {[%emt 0:00:01]} 19. Rec1 {[%emt 0:00:02]} Nxf4 {[%emt 0:00:03]} 20. exf4 {[%emt 0:00:02]} Qxf4 {[%emt 0:00:00]} 21. Bh7+ {[%emt 0:00:09]} Kh8 {[%emt 0:00:01]} 22. Qf5 {[%emt 0:00:00]} Qxd4 {[%emt 0:00:04]} 23. Nc5 {[%emt 0:00:09]} Bg5 {[%emt 0:00:10]} 24. Nb3 {[%emt 0:00:09]} Qf6 {[%emt 0:00:12]} 25. Re1 {[%emt 0:00:01]} g6 {[%emt 0:00:03]} 26. Qxc8 {[%emt 0:00:03]} Rxc8 {[%emt 0:00:01]} 27. Bxg6 {[%emt 0:00:01]} fxg6 {[%emt 0:00:01]} 28. Nc5 {[%emt 0:00:00]} Kg7 {[%emt 0:00:02]} 29. Nd7 {[%emt 0:00:01]} Qc3 {[%emt 0:00:03]} 30. Re7+ {[%emt 0:00:01]} Bxe7 {[%emt 0:00:01]} 31. Re1 {[%emt 0:00:01]} Qxe1+ {[%emt 0:00:01]} 32. Kg2 {[%emt 0:00:00]} Qe6 {[%emt 0:00:00]} 33. Kf3 {[%emt 0:00:00]} Qxd7 {[%emt 0:00:01]} 34. Ke2 {[%emt 0:00:01]} Qe6+ {[%emt 0:00:00]} 35. Kd3 {[%emt 0:00:00]} Rg8 {[%emt 0:00:00]} 36. f3 {[%emt 0:00:00]} Rf8 {[%emt 0:00:00]} 37. Kd4 {[%emt 0:00:01]} Rf4+ {[%emt 0:00:00]} 38. Kc3 {[%emt 0:00:00]} Bc5 {[%emt 0:00:00]} 39. Kb3 {[%emt 0:00:00]} Qe3+ {[%emt 0:00:00]} 40. Kc2 {[%emt 0:00:01]} Rxf3 {[%emt 0:00:00]} 41. h4 {[%emt 0:00:01]} Rf2+ {[%emt 0:00:00]} 42. Kd1 {[%emt 0:00:01]} Qd2# {[%emt 0:00:00] (Lag: Av=0.54s, max=0.8s)} 0-1

[Event "Stay Safe Play From Home 277"]
[Site "Emanuel Lasker Arena"]
[Date "2020.07.05"]
[Round "6"]
[White "SoulofWolf"]
[Black "The Next Contender"]
[Result "0-1"]
[WhiteElo "2209"]
[BlackElo "2000"]
[PlyCount "76"]
[EventDate "2020.07.05"]
[EventType "swiss (blitz)"]

1. Nf3 {[%emt 0:00:00]} d5 {[%emt 0:00:02]} 2. c4 {[%emt 0:00:00]} d4 {[%emt 0:00:01]} 3. e3 {[%emt 0:00:00]} dxe3 {[%emt 0:00:01]} 4. fxe3 {[%emt 0:00:01]} c5 {[%emt 0:00:01]} 5. d4 {[%emt 0:00:00]} cxd4 {[%emt 0:00:01]} 6. exd4 {[%emt 0:00:00]} e6 {[%emt 0:00:01]} 7. d5 {[%emt 0:00:00]} exd5 {[%emt 0:00:02]} 8. cxd5 {[%emt 0:00:00]} Bb4+ {[%emt 0:00:02]} 9. Nc3 {[%emt 0:00:01]} Nf6 {[%emt 0:00:01]} 10. Qa4+ {[%emt 0:00:01]} Nc6 {[%emt 0:00:04]} 11. dxc6 {[%emt 0:00:03]} Qe7+ {[%emt 0:00:00]} 12. Be2 {[%emt 0:00:01]} O-O {[%emt 0:00:00]} 13. a3 {[%emt 0:00:06]} Bxc3+ {[%emt 0:00:01]} 14. bxc3 {[%emt 0:00:00]} bxc6 {[%emt 0:00:00]} 15. Qxc6 {[%emt 0:00:01]} Re8 {[%emt 0:00:01]} 16. Nd4 {[%emt 0:00:06]} Bb7 {[%emt 0:00:03]} 17. Qc4 {[%emt 0:00:05]} Bxg2 {[%emt 0:00:01]} 18. Rg1 {[%emt 0:00:01]} Be4 {[%emt 0:00:02]} 19. Bg5 {[%emt 0:00:01]} Bg6 {[%emt 0:00:01]} 20. h4 {[%emt 0:00:01]} h6 {[%emt 0:00:01]} 21. Bxf6 {[%emt 0:00:01]} Qxf6 {[%emt 0:00:00]} 22. Kd2 {[%emt 0:00:01]} Rac8 {[%emt 0:00:01]} 23. Qd3 {[%emt 0:00:01]} Bxd3 {[%emt 0:00:01]} 24. Bxd3 {[%emt 0:00:00]} Red8 {[%emt 0:00:03]} 25. Raf1 {[%emt 0:00:02]} Qxh4 {[%emt 0:00:02]} 26. Rg2 {[%emt 0:00:02]} Qh3 {[%emt 0:00:01]} 27. Rff2 {[%emt 0:00:01]} Rxd4 {[%emt 0:00:01]} 28. cxd4 {[%emt 0:00:00]} Rb8 {[%emt 0:00:01]} 29. Kc3 {[%emt 0:00:01]} Rc8+ {[%emt 0:00:02]} 30. Kd2 {[%emt 0:00:00]} Rb8 {[%emt 0:00:01]} 31. Kc3 {[%emt 0:00:01]} Qc8+ {[%emt 0:00:00]} 32. Kd2 {[%emt 0:00:01]} Rb2+ {[%emt 0:00:00]} 33. Ke3 {[%emt 0:00:01]} Qe6+ {[%emt 0:00:01]} 34. Be4 {[%emt 0:00:01]} Rb3+ {[%emt 0:00:01]} 35. Kf4 {[%emt 0:00:01]} g5+ {[%emt 0:00:01]} 36. Rxg5+ {[%emt 0:00:08]} hxg5+ {[%emt 0:00:00]} 37. Kxg5 {[%emt 0:00:00]} Qxe4 {[%emt 0:00:00]} 38. d5 {[%emt 0:00:01]} Rg3+ {[%emt 0:00:01] SoulofWolf poddaje siê (Lag: Av=0.55s, max=1.1s)} 0-1